1994 Çalışma Programı (Record no. 7539)

MARC details
000 -BAŞLIK
Sabit Uzunlukta Kontrol Alanı 00925na a2200253 4500
001 - KONTROL NUMARASI
Denetim Alanı 19195
003 - KONTROL NUMARASI IDENTIFIER
Denetim Alanı MIRAKIL
005 - SON İŞLEM TARİHİ VE ZAMANI
Denetim Alanı 20181213155142.0
008 - SABİT-BOY VERİ ELEMANLARI - GENEL BİLGİLER
Sabit Uzunlukta Kontrol Alanı 161209b tu 000 0
035 ## - SİSTEM KONTROL NUMARASI
Sistem Kontrol Numarası 19195
040 ## - KATALOGLAMA KAYNAK
Orijinal Kataloglama Ajansı Milas
Kataloglama Dili tur
Metne Dönüştürmek Ajansı TR-AnCHP
041 ## - DİL KODU
Metin / Ses Parça Veya Ayrı Başlığın Dil Kodu tur
082 ## - DEWEY ONLU SINIFLANDIRMA NUMARASI
Sınıflandırma Numarası 352.0072
Ürün Numarası A54b 1994
090 ## - SINIFLAMA NUMARASI
Sınıflama Numarası 352.0072 A54b 1994
110 ## - ANA GİRİŞ - KURUMSAL ADI
Giriş Elemanı Olarak Kurumsal Ad Veya Yargı Alanı Adı Ankara Büyük Şehir Belediyesi Eğitim Daire Başkanlığı
245 ## - BAŞLIK TABLOSU
Başlık 1994 Çalışma Programı
Başlığın Kalan 1993 yılı çalışmalarının değerlendirilmesi
Sorumluluk Tablosu, Vb Ankara Büyükşehir Belediyesi
246 ## - UNVAN FORM VARYING
Başlık Doğru / Kısa Başlığı 1993 yılı çalışmalarının değerlendirilmesi
260 ## - YAYIN, DAĞITIM, VB
Yayın, Dağıtım, Vb Yeri [Ankara]
Yayıncı, Dağıtıcı, Vs Adı Ankara Büyükşehir Belediyesi
Yayın, Dağıtım, Vb Tarihi 1994
300 ## - FİZİKSEL TANIM
Kapsam 41 s.
Diğer Fiziksel Ayrıntıları tbl.
Boyutlar 21 sm.
610 ## - KONU KATMA GİRİŞ - TOPLANTI ADI
Giriş Elemanı Olarak Kurumsal Ad Veya Yargı Alanı Adı Ankara Büyükşehir Belediyesi Eğitim Daire Başkanlığı
Genel Alt Bölüm Çalışma programları
650 ## - KONU KATMA GİRİŞ - TOPİKAL DÖNEM
Topikal Süreli Veya Coğrafi Ad Giriş Elemanı Yerel yönetimler
Genel Alt Bölümü Belediyeler
Coğrafi Alt Bölümü Ankara
710 ## - KATMA GİRİŞ - KURUMSAL ADI
Giriş Elemanı Olarak Kurumsal Ad Veya Yargı Alanı Adı Ankara Büyükşehir Belediyesi
942 ## - EKLENDİ GİRİŞ ELEMANLARI (KOHA)
Sınıflandırma Veya Raf Düzeni Kaynak Dewey Decimal Classification
Koha Öğesi Türü Books
999 ## - SİSTEM KONTROL NUMARALARI (KOHA)
Koha Biblionumber 7539
Koha Biblioitemnumber 7539
Holdings
Kalıcı Konum Mevcut Konum Edinme Tarihi Edinim Kaynak Toplam Check-Out'Lar Tam Çağrı Numarası Barkod Tarih Son Görülme İtibaren Geçerli Fiyatlar Koha Öğesi Türü
CHP Kütüphanesi CHP Kütüphanesi 12/09/2016 Bağış   352.0072 A54b 1994 008987 12/09/2016 12/09/2016 Books